000 00379 a2200169 4500
001 162666
020 _a85-16-01823-7
040 _cMagnum
100 _aMuniz, Álvaro
240 1 0 _aBranca de neve e os sete anões
_lpor
245 1 0 _aBranca de neve e os sete anões
300 _a47
362 0 _a1998
440 1 _aModerna
697 _aLITERATURA INFANTO
942 _cBK
999 _c162666
_d162666